000 01243nam0a2200313 4500
001 RU\NLR\bibl\1437322
005 20260406100107.0
010 _a978-5-9781-0017-4
_920000
021 _aRU
_b2009-74659
_94649
021 _aRU
_b2010-90460
_96077
035 _a(NLR Aleph) 001429198
090 _a1391825
_c1391825
100 _a20091111d2009 |||y0rusy50 ca
101 0 _arus
102 _aRU
105 _aa |||||||||
200 1 _aУлыбка
_e[для чтения взрослыми детям]
_fМихаил Пляцковский
_gхудож.: Влада Крамина
210 _aМосква
_cСамовар
_d2009
215 _a[47] с.
_cцв. ил.
_d17
225 1 _aСтихи для малышей
300 _aВ вып. дан. худож.: Владислава Михайловна Крамина
700 1 _4070
_8rus
_7ca
_aПляцковский
_bМ. С.
_f1935-1991
_gМихаил Спартакович
_3RU\NLR\auth\7774777
_957705
702 1 _4040
_8rus
_7ca
_aКрамина
_bВ. М.
_gВладислава Михайловна
_3RU\NLR\auth\7752111
_935044
801 0 _aRU
_bNLR
_c20091111
_gRCR
801 1 _aRU
_bNLR
_c20091111
830 _aавт. по кн.
942 _cBOOK
980 _aNB